000 01849cam a22004934i 4500
003 PE-LiUPU
005 20250731173518.0
008 150616s r 000 0 d
020 _a0800791924
035 _a(Sirsi) i9780800791926
040 _aPE-LiUPU
_bspa
_cPE-LiUPU
_erda
049 _aPRUA
082 0 4 _b
_221
100 1 _aOtis, George,
_d1953-,
_eautor.
245 1 4 _aThe last of the giants /
_cGeorge Otis.
264 1 _aGrand Rapids, Míchigan :
_bChosen Books,
_c1994.
300 _a272 páginas ;
_c23 centímetros
336 _atext
_2rdacontent
337 _aunmediated
_2rdamedia
338 _avolume
_2rdacarrier
505 0 _aThe three understandings.- The strongest of these.- Spiritual mapping.- By the rivers of babylon.
526 _aSEG42
526 _aSEG41
526 _aSEG40
526 _aSEG39
526 _aP94
526 _aP87
526 _aP86
526 _aP85
526 _aP77
526 _aP76
526 _aP35
630 _aBiblia
_xPropfecías
_zOriente Medio.
910 _ajck
_bjvq
_cjck
942 _2ddc
_cBOOK
949 _a220.15 O87
_wDEWEY
_c1
_i36315
_lCCODEBUL1
_mBUL
_r0
_sY
_tBOOK
_u2015-4-23
_xTEOLOGIA
_zUNKNOWN
_0COMPRA
_o.STAFF. Colección General
949 _a220.15 O87
_wDEWEY
_c2
_i41811
_lCCODEBUL1
_mBUL
_r0
_sY
_tBOOK
_u2015-6-16
_xTEOLOGIA
_zUNKNOWN
_0COMPRA
_o.STAFF. Colección General
994 _aC0
_bPEPRU
596 _a1
999 _a220.15 O87
_wDEWEY
_c59473
_i36315
_f2021-11-9
_g5
_lCCODEBUL1
_mBUL
_r0
_sY
_tBOOK
_u2015-4-23
_xTEOLOGIA
_zUNKNOWN
_0COMPRA
_o.STAFF. Colección General
_d59473
999 _a220.15 O87
_wDEWEY
_c2
_i41811
_f2021-11-9
_g5
_lCCODEBUL1
_mBUL
_r0
_sY
_tBOOK
_u2015-6-16
_xTEOLOGIA
_zUNKNOWN
_0COMPRA
_o.STAFF. Colección General
980 _81
_gALBERTO SANCHEZ Responsable de Automatización